Politiques novatrices pour un developpement urbain durable : la ville ecologique

Αποθηκεύτηκε σε:
Λεπτομέρειες βιβλιογραφικής εγγραφής
Μορφή: Βιβλίο
Γλώσσα:French
Δημοσίευση: Paris : Organisation de Cooperation et de Developpement Economiques, c1996
Σειρά:Developpement territorial
Θέματα:
Ετικέτες: Προσθήκη ετικέτας
Δεν υπάρχουν, Καταχωρήστε ετικέτα πρώτοι!

MARC

LEADER 00000cam a2200000 i 4500
001 1/94695
008 991130s1996 i fre d
020 |a 926424915X 
035 |l 10054941 
040 |a GR-MY-UA  |b gre  |e aacr 
041 0 |a fre 
082 0 |a 307.76 
245 1 0 |a Politiques novatrices pour un developpement urbain durable :  |b la ville ecologique 
260 |a Paris :   |b Organisation de Cooperation et de Developpement Economiques,   |c c1996 
300 |a 217 p.  
490 1 |a Developpement territorial 
500 |a Publie aussi en anglais sous le titre: Innovative policies for sustainable urban development: the ecological city 
504 |a Includes bibliographical references 
650 0 0 |a City planning  |x Environmental aspects  |z OECD countries. 
650 0 0 |a Urban ecology  |z OECD countries. 
650 0 0 |a Environmental policy  |z OECD countries. 
650 0 0 |a Sustainable development  |z OECD countries. 
650 0 0 |a Urban policy  |z OECD countries. 
830 0 |a Developpement territorial 
852 |a INST  |b LESVOS  |e 19991130  |h 307.76 POL  |p 005100021311  |q 005100021311  |t BK  |y 0 
901 |a BIBL1-2000-2 
909 |a Λ  |b 066788 
922 |a 1ΕΛΗ  |b 199907  |c ΚΠΣ/ΤΠ  |d ΠΑΠΑΣΩΤΗΡΙΟΥ 
950 |a 107-1998-03-04 
970 |z 2000/05/ΜΙΧΑΗΛΙΔΟΥ ΑΝΝΑ